<?xml version="1.0" encoding="UTF-8"?>
<record
    xmlns:xsi="http://www.w3.org/2001/XMLSchema-instance"
    xsi:schemaLocation="http://www.loc.gov/MARC21/slim http://www.loc.gov/standards/marcxml/schema/MARC21slim.xsd"
    xmlns="http://www.loc.gov/MARC21/slim">

  <leader>00756nam a22002057a 4500</leader>
  <datafield tag="999" ind1=" " ind2=" ">
    <subfield code="c">26685</subfield>
    <subfield code="d">26685</subfield>
  </datafield>
  <controlfield tag="005">20200206143940.0</controlfield>
  <datafield tag="010" ind1=" " ind2=" ">
    <subfield code="a">B-327611-617</subfield>
  </datafield>
  <datafield tag="020" ind1=" " ind2=" ">
    <subfield code="c">250.00</subfield>
  </datafield>
  <datafield tag="035" ind1=" " ind2=" ">
    <subfield code="a">B-327611-617</subfield>
  </datafield>
  <datafield tag="037" ind1=" " ind2=" ">
    <subfield code="b">&#x622;&#x6C1;&#x644;&#x648;&#x648;&#x627;&#x644;&#x64A;&#x6C1; &#x628;&#x6A9;&#x688;&#x67E;&#x648;</subfield>
  </datafield>
  <datafield tag="082" ind1=" " ind2=" ">
    <subfield code="a">&#x646;</subfield>
  </datafield>
  <datafield tag="100" ind1=" " ind2=" ">
    <subfield code="a">&#x638;&#x641;&#x631; &#x639;&#x62F;&#x64A;&#x645;</subfield>
  </datafield>
  <datafield tag="245" ind1=" " ind2=" ">
    <subfield code="a">&#x64A;&#x627;&#x633;&#x645;&#x64A;&#x646; /</subfield>
    <subfield code="c">&#x638;&#x641;&#x631; &#x63A;&#x62F;&#x64A;&#x645;</subfield>
  </datafield>
  <datafield tag="246" ind1=" " ind2=" ">
    <subfield code="a">Yasmin /</subfield>
    <subfield code="b">by Zafar Adeem</subfield>
  </datafield>
  <datafield tag="260" ind1=" " ind2=" ">
    <subfield code="a">&#x646;&#x626; &#x62F;&#x644;&#x651;&#x6CC;</subfield>
    <subfield code="b">&#x638;&#x641;&#x631; &#x639;&#x62F;&#x64A;&#x645;</subfield>
    <subfield code="c">2008 &#x621;</subfield>
  </datafield>
  <datafield tag="270" ind1=" " ind2=" ">
    <subfield code="a">36/2, Gali Number-35, Zakir Nagar</subfield>
    <subfield code="b">New Delhi</subfield>
    <subfield code="e">110025</subfield>
    <subfield code="k">011-26982733,9891462603</subfield>
  </datafield>
  <datafield tag="300" ind1=" " ind2=" ">
    <subfield code="a">288p.</subfield>
    <subfield code="c">22cm(Hb)</subfield>
  </datafield>
  <datafield tag="942" ind1=" " ind2=" ">
    <subfield code="2">ddc</subfield>
    <subfield code="c">UR</subfield>
    <subfield code="h">&#x646;</subfield>
    <subfield code="m">&#x638; &#x641; &#x631;</subfield>
  </datafield>
  <datafield tag="952" ind1=" " ind2=" ">
    <subfield code="0">0</subfield>
    <subfield code="1">0</subfield>
    <subfield code="2">ddc</subfield>
    <subfield code="4">0</subfield>
    <subfield code="7">0</subfield>
    <subfield code="8">FIC</subfield>
    <subfield code="a">L</subfield>
    <subfield code="b">L</subfield>
    <subfield code="d">2009-05-21</subfield>
    <subfield code="e">Ahluwalia Book Depot /194/08/21.03.09/4:25/13.03.09/09.04.09</subfield>
    <subfield code="g">250.00</subfield>
    <subfield code="l">0</subfield>
    <subfield code="o">&#x646; &#x638; &#x641; &#x631;</subfield>
    <subfield code="p">B-327611</subfield>
    <subfield code="r">2009-05-21 00:00:00</subfield>
    <subfield code="t">1</subfield>
    <subfield code="v">250.00</subfield>
    <subfield code="w">2009-05-21</subfield>
    <subfield code="y">UR</subfield>
  </datafield>
  <datafield tag="952" ind1=" " ind2=" ">
    <subfield code="0">0</subfield>
    <subfield code="1">0</subfield>
    <subfield code="2">ddc</subfield>
    <subfield code="4">0</subfield>
    <subfield code="7">0</subfield>
    <subfield code="8">FIC</subfield>
    <subfield code="a">BL1</subfield>
    <subfield code="b">BL1</subfield>
    <subfield code="d">2009-05-21</subfield>
    <subfield code="e">Ahluwalia Book Depot /194/08/21.03.09/4:25/13.03.09/09.04.09</subfield>
    <subfield code="g">250.00</subfield>
    <subfield code="l">0</subfield>
    <subfield code="o">&#x646; &#x638; &#x641; &#x631;</subfield>
    <subfield code="p">B-327612</subfield>
    <subfield code="r">2009-05-21 00:00:00</subfield>
    <subfield code="t">1</subfield>
    <subfield code="v">250.00</subfield>
    <subfield code="w">2009-05-21</subfield>
    <subfield code="y">UR</subfield>
  </datafield>
  <datafield tag="952" ind1=" " ind2=" ">
    <subfield code="0">0</subfield>
    <subfield code="1">0</subfield>
    <subfield code="2">ddc</subfield>
    <subfield code="4">0</subfield>
    <subfield code="7">0</subfield>
    <subfield code="8">FIC</subfield>
    <subfield code="a">ZLS</subfield>
    <subfield code="b">ZLS</subfield>
    <subfield code="d">2009-05-21</subfield>
    <subfield code="e">Ahluwalia Book Depot /194/08/21.03.09/4:25/13.03.09/09.04.09</subfield>
    <subfield code="g">250.00</subfield>
    <subfield code="l">4</subfield>
    <subfield code="o">&#x646; &#x638; &#x641; &#x631;</subfield>
    <subfield code="p">B-327613</subfield>
    <subfield code="r">2015-05-02 00:00:00</subfield>
    <subfield code="s">2015-04-28</subfield>
    <subfield code="t">1</subfield>
    <subfield code="v">250.00</subfield>
    <subfield code="w">2009-05-21</subfield>
    <subfield code="y">UR</subfield>
  </datafield>
  <datafield tag="952" ind1=" " ind2=" ">
    <subfield code="0">0</subfield>
    <subfield code="1">5</subfield>
    <subfield code="2">ddc</subfield>
    <subfield code="4">0</subfield>
    <subfield code="7">0</subfield>
    <subfield code="8">FIC</subfield>
    <subfield code="a">SP</subfield>
    <subfield code="b">SP</subfield>
    <subfield code="d">2009-05-21</subfield>
    <subfield code="e">Ahluwalia Book Depot /194/08/21.03.09/4:25/13.03.09/09.04.09</subfield>
    <subfield code="g">250.00</subfield>
    <subfield code="l">0</subfield>
    <subfield code="o">&#x646; &#x638; &#x641; &#x631;</subfield>
    <subfield code="p">B-327614</subfield>
    <subfield code="r">2009-05-21 00:00:00</subfield>
    <subfield code="t">1</subfield>
    <subfield code="v">250.00</subfield>
    <subfield code="y">UR</subfield>
  </datafield>
  <datafield tag="952" ind1=" " ind2=" ">
    <subfield code="0">0</subfield>
    <subfield code="1">0</subfield>
    <subfield code="2">ddc</subfield>
    <subfield code="4">0</subfield>
    <subfield code="7">0</subfield>
    <subfield code="8">FIC</subfield>
    <subfield code="a">BL3</subfield>
    <subfield code="b">BL3</subfield>
    <subfield code="d">2009-05-21</subfield>
    <subfield code="e">Ahluwalia Book Depot /194/08/21.03.09/4:25/13.03.09/09.04.09</subfield>
    <subfield code="g">250.00</subfield>
    <subfield code="l">0</subfield>
    <subfield code="o">&#x646; &#x638; &#x641; &#x631;</subfield>
    <subfield code="p">B-327615</subfield>
    <subfield code="r">2009-05-21 00:00:00</subfield>
    <subfield code="t">1</subfield>
    <subfield code="v">250.00</subfield>
    <subfield code="w">2009-05-21</subfield>
    <subfield code="y">UR</subfield>
  </datafield>
  <datafield tag="952" ind1=" " ind2=" ">
    <subfield code="0">0</subfield>
    <subfield code="1">0</subfield>
    <subfield code="2">ddc</subfield>
    <subfield code="4">0</subfield>
    <subfield code="7">0</subfield>
    <subfield code="8">FIC</subfield>
    <subfield code="a">BL4</subfield>
    <subfield code="b">BL4</subfield>
    <subfield code="d">2009-05-21</subfield>
    <subfield code="e">Ahluwalia Book Depot /194/08/21.03.09/4:25/13.03.09/09.04.09</subfield>
    <subfield code="g">250.00</subfield>
    <subfield code="l">0</subfield>
    <subfield code="o">&#x646; &#x638; &#x641; &#x631;</subfield>
    <subfield code="p">B-327616</subfield>
    <subfield code="r">2009-05-21 00:00:00</subfield>
    <subfield code="t">1</subfield>
    <subfield code="v">250.00</subfield>
    <subfield code="w">2009-05-21</subfield>
    <subfield code="y">UR</subfield>
  </datafield>
  <datafield tag="952" ind1=" " ind2=" ">
    <subfield code="0">0</subfield>
    <subfield code="1">0</subfield>
    <subfield code="2">ddc</subfield>
    <subfield code="4">0</subfield>
    <subfield code="7">0</subfield>
    <subfield code="8">FIC</subfield>
    <subfield code="a">RC4</subfield>
    <subfield code="b">RC4</subfield>
    <subfield code="d">2009-05-21</subfield>
    <subfield code="e">Ahluwalia Book Depot /194/08/21.03.09/4:25/13.03.09/09.04.09</subfield>
    <subfield code="g">250.00</subfield>
    <subfield code="l">0</subfield>
    <subfield code="o">&#x646; &#x638; &#x641; &#x631;</subfield>
    <subfield code="p">B-327617</subfield>
    <subfield code="r">2009-05-21 00:00:00</subfield>
    <subfield code="t">1</subfield>
    <subfield code="v">250.00</subfield>
    <subfield code="w">2009-05-21</subfield>
    <subfield code="y">UR</subfield>
  </datafield>
</record>
